000 00521 a2200217 4500
260 _aAbidjan
630 _a33 - Economie - Economie politique
650 _a3 - SCIENCES SOCIALES
100 _aAmin, Samir
260 _bLes éditions de minuit
245 _aLe développement du capitalisme en Côte d'Ivoire
300 _a336p
650 _aCôte d'Ivoire : capitalisme
260 _c1975
300 _b22cm
100 _lFr
037 _aDE 2632
020 _a2-7073-0080-2
999 _c44834
_d44834